| 000 | 00473nam a22001817a 4500 | ||
|---|---|---|---|
| 999 |
_c530194 _d530194 |
||
| 003 | NUST | ||
| 005 | 20191014111028.0 | ||
| 008 | 191014b ||||| |||| 00| 0 eng d | ||
| 020 | _a978-0415318778 | ||
| 024 | _a0415318777 | ||
| 038 | _aMSOHAIL | ||
| 082 | _a0 | ||
| 100 |
_aMalcolm Moor, Jon Rowland _923615 |
||
| 245 | _aUrban Design Futures | ||
| 260 |
_aNewyork _bRoutledge _cc2006 |
||
| 300 |
_a216,P; _c8.8 x 0.8 x 9.2 inches _fH/B _g2.2 pounds |
||
| 942 |
_2ddc _cBK |
||